000 00489nam a2200145Ia 4500
008 230917s9999||||xx |||||||||||||| ||und||
040 _e169563
_aMAIN
041 _aEnglish
082 _a891.4317109 DB469:SG
100 _aगुरमीत सिंह
245 0 _aधर्मवीर भारती का साहित्य
260 _aपंचकूला
_bहरियाणा साहित्य अकादमी
_c2005
300 _a146 पृ. p.
942 _cHN
999 _c136526
_d136526